[Event "20ème Open international de La Réunion"]
[Site "Salle des fêtes de Bellepierre"]
[Date "2018.10.19"]
[Round "7.2"]
[White "Ranaivoharisoa, Alain"]
[Black "Denoyelle, Arnaud"]
[Result "0-1"]
[WhiteElo "2196"]
[BlackElo "2229"]
[PlyCount "90"]
[EventDate "2018.??.??"]

1. e4 c5 2. Nf3 d6 3. d4 cxd4 4. Qxd4 Nc6 5. Bb5 a6 6. Bxc6+ bxc6 7. c4 e5 8.
Qd3 Ne7 9. Nc3 Ng6 10. h4 h5 11. g3 Bg4 12. Bg5 f6 13. Bd2 Be7 14. Nh2 Be6 15.
Nf1 Nf8 16. Ne3 Nd7 17. Qe2 Rb8 18. b3 Nc5 19. f4 Qd7 20. f5 Bf7 21. O-O a5 22.
Rab1 Bd8 23. Kh2 Ke7 24. Rfd1 Qa7 25. Be1 Bb6 26. Bf2 Na6 27. Bg1 Bd4 28. Nc2
Bxg1+ 29. Rxg1 Rb7 30. Rgd1 Nc5 31. Rd2 Rd8 32. Rbd1 Rbd7 33. g4 hxg4 34. Qxg4
Rh8 35. Kg3 Rh7 36. Re1 Bh5 37. Qh3 Rd8 38. Kh2 Rdh8 39. Ne3 Bg4 40. Qxg4 Rxh4+
41. Qxh4 Rxh4+ 42. Kg3 Rh5 43. Red1 Qb8 44. Ne2 Qh8 45. Rg1 Qh6 0-1

[Event "20ème Open international de La Réunion"]
[Site "Salle des fêtes de Bellepierre"]
[Date "2018.10.19"]
[Round "7.3"]
[White "Quere, Alexandre"]
[Black "Leveille, Francois"]
[Result "0-1"]
[WhiteElo "2087"]
[BlackElo "2202"]
[PlyCount "42"]
[EventDate "2018.??.??"]

1. Nf3 d5 2. d4 Nf6 3. Bf4 g6 4. e3 Bg7 5. Be2 O-O 6. O-O c5 7. c3 b6 8. Qa4
Bb7 9. Ne5 Nfd7 10. c4 cxd4 11. exd4 dxc4 12. Bxc4 Nxe5 13. dxe5 Nc6 14. Rd1
Qc8 15. e6 Nd4 16. exf7+ Kh8 17. Rxd4 Bxd4 18. Be6 Bxf2+ 19. Kxf2 Qxe6 20. Qd4+
Qf6 21. Qxf6+ exf6 0-1

[Event "20ème Open international de La Réunion"]
[Site "Salle des fêtes de Bellepierre"]
[Date "2018.10.14"]
[Round "7.4"]
[White "Anilkumar, N R."]
[Black "Andriandaza, Tombo Omar"]
[Result "1-0"]
[WhiteElo "2334"]
[BlackElo "1742"]
[PlyCount "121"]
[EventDate "2018.??.??"]

1. d4 Nf6 2. c4 e6 3. g3 d5 4. Bg2 Be7 5. Nf3 c6 6. O-O O-O 7. Qc2 Nbd7 8. Nbd2
b6 9. e4 dxe4 10. Nxe4 Nxe4 11. Qxe4 Bb7 12. Rd1 Nf6 13. Qe2 Qc8 14. Bf4 Re8
15. Bh3 h6 16. Ne5 Bf8 17. Rac1 Qd8 18. a3 a5 19. Qf3 Rc8 20. c5 b5 21. b4 a4
22. Bg2 Qe7 23. Re1 Nd5 24. Bd2 Qf6 25. Qd3 Red8 26. Be4 Ne7 27. Rcd1 g6 28.
Bc3 Nd5 29. Bb2 Bg7 30. Qe2 Kh7 31. h4 Kg8 32. Bb1 Rc7 33. Rd3 Qe7 34. Red1 Qe8
35. Qe4 Nf6 36. Qf3 Nd5 37. Bc1 Bc8 38. h5 g5 39. g4 f6 40. Ng6 e5 41. dxe5
fxe5 42. Qe4 Rcd7 43. Ba2 Qe6 44. f3 Bf6 45. Bb2 Re8 46. Rxd5 cxd5 47. Bxd5
Rxd5 48. Qxd5 Kf7 49. Bxe5 Qxd5 50. Rxd5 Bxe5 51. Rxe5 Rxe5 52. Nxe5+ Ke6 53.
Nc6 Bd7 54. Nd4+ Kd5 55. c6 Be8 56. c7 Bd7 57. Nxb5 Kc6 58. c8=Q+ Bxc8 59. Na7+
Kc7 60. Nxc8 Kxc8 61. f4 1-0

[Event "20ème Open international de La Réunion"]
[Site "Salle des fêtes de Bellepierre"]
[Date "2018.10.19"]
[Round "7.5"]
[White "Gimenez Martinez, Alberto"]
[Black "Evrin, Selvam"]
[Result "1-0"]
[WhiteElo "2213"]
[BlackElo "1518"]
[PlyCount "101"]
[EventDate "2018.??.??"]

1. e4 c5 2. Nf3 d6 3. d4 cxd4 4. Nxd4 Nf6 5. Nc3 g6 6. Be3 Bg7 7. f3 O-O 8. Qd2
Nc6 9. Bc4 Bd7 10. O-O-O Rc8 11. Bb3 Ne5 12. Kb1 Nc4 13. Bxc4 Rxc4 14. g4 b5
15. b3 Rc5 16. Ne6 fxe6 17. Bxc5 dxc5 18. e5 Nd5 19. Nxd5 Bxe5 20. Rhe1 Bd4 21.
c3 exd5 22. cxd4 c4 23. Qg5 e6 24. Qxd8 Rxd8 25. Kb2 Rf8 26. Re3 Kf7 27. Kc3
Ke7 28. bxc4 bxc4 29. Rb1 Bc6 30. Kd2 Kd6 31. Rbe1 Re8 32. Re5 Bd7 33. Rb1 Bc6
34. h4 h6 35. f4 Rf8 36. Ke3 Kd7 37. h5 Rg8 38. hxg6 Rxg6 39. Kf3 Ke7 40. f5
Rf6 41. Rxe6+ Rxe6 42. fxe6 Kxe6 43. Rh1 Kd7 44. Ke3 Ba4 45. Kd2 Ke7 46. Rxh6
Bd7 47. g5 a5 48. Rh7+ Ke8 49. g6 Bf5 50. Rh8+ Ke7 51. g7 1-0

[Event "20ème Open international de La Réunion"]
[Site "Salle des fêtes de Bellepierre"]
[Date "2018.10.19"]
[Round "7.6"]
[White "Klein, Gernot"]
[Black "Lorans, Sylvain"]
[Result "1-0"]
[WhiteElo "1904"]
[BlackElo "2177"]
[PlyCount "119"]
[EventDate "2018.??.??"]

1. e4 d5 2. exd5 Qxd5 3. Nc3 Qd6 4. d4 Nf6 5. Nge2 e6 6. Bf4 Qc6 7. Ng3 Bb4 8.
Bd2 O-O 9. a3 Ba5 10. Qf3 Qxf3 11. gxf3 Rd8 12. Be3 Bxc3+ 13. bxc3 b6 14. Ne4
Nbd7 15. Rg1 Bb7 16. Nxf6+ Nxf6 17. Bh6 Ne8 18. Be2 Kf8 19. Bg5 f6 20. Bf4 Rac8
21. O-O-O Nd6 22. h4 Bd5 23. Ba6 Rb8 24. Rg3 b5 25. a4 c6 26. a5 Ra8 27. Bxd6+
Rxd6 28. Bb7 Rad8 29. a6 R6d7 30. Kb2 Rc7 31. h5 Re8 32. h6 g6 33. Re1 Ke7 34.
f4 Kd8 35. Rge3 Rce7 36. Ka3 Kc7 37. Kb4 Kd6 38. Ka3 Rg8 39. Kb2 g5 40. Rg3 Rg6
41. Reg1 Rxh6 42. fxg5 fxg5 43. Rxg5 c5 ({Crafty 19.17:} 43... Rf6 44. Rg8 e5
45. Rd8+ Kc7 46. Rc8+ Kb6 47. Re1 Rxf2 48. dxe5 Rf5 49. c4 bxc4 50. Rh8 Rf2 {
[%eval -133,13]}) 44. Rg7 cxd4 45. Rxe7 dxc3+ 46. Kxc3 Kxe7 47. Bxd5 exd5 48.
Rg7+ Kd6 49. Rxa7 Kc5 50. Rc7+ {Crafty 19.17:} Kb6 51. a7 Rh3+ 52. Kb2 Kxc7 53.
a8=Q Rh5 54. Qf8 Kb6 55. Qf6+ Ka5 56. Qf7 Rh3 57. Qc7+ Ka4 58. Qa7+ Kb4 59.
Qd4+ Ka5 60. Qxd5 {[%eval 502,13]} 1-0

[Event "20ème Open international de La Réunion"]
[Site "Salle des fêtes de Bellepierre"]
[Date "2018.10.19"]
[Round "7.7"]
[White "Dijoux, Julien"]
[Black "Triton, Maxime"]
[Result "0-1"]
[WhiteElo "1831"]
[BlackElo "1941"]
[PlyCount "98"]
[EventDate "2018.??.??"]

1. d4 Nf6 2. c4 g6 3. Nf3 Bg7 4. g3 O-O 5. Bg2 d6 6. O-O Nc6 7. Nc3 a6 8. d5
Na5 9. Nd2 c5 10. Qc2 Rb8 11. a4 Bd7 12. Re1 e6 13. Ra3 Re8 14. Nce4 exd5 15.
Nxf6+ Qxf6 16. cxd5 Bf5 17. e4 Bh6 18. Qc3 Qxc3 19. Rxc3 Bd7 20. Nc4 Bxc1 21.
Rexc1 Nxc4 22. Rxc4 b5 23. axb5 Rxb5 24. Ra4 Rb6 25. Ra3 f5 26. Rca1 Bb5 27.
exf5 gxf5 28. Rf3 Re5 29. Rb3 Re7 30. Rf3 Re5 31. Rb3 Rb7 32. Bf1 Kg7 33. Bc4
Kf6 34. f3 Ree7 35. Bxb5 axb5 36. Ra6 Ke5 37. Rd3 h5 38. Kf2 Ra7 39. Re3+ Kxd5
40. Rd3+ Kc4 41. Raxd6 Ra2 42. Rd2 Kb4 43. R6d5 Rf7 44. Ke3 c4 45. Kf4 Ka4 46.
Rxf5 Rxf5+ 47. Kxf5 Kb3 48. Kg5 c3 49. Rd5 Kc4 0-1

[Event "20ème Open international de La Réunion"]
[Site "Salle des fêtes de Bellepierre"]
[Date "2018.10.19"]
[Round "7.8"]
[White "Rebut, Paul"]
[Black "Larmet, Nino"]
[Result "1-0"]
[WhiteElo "1718"]
[BlackElo "1786"]
[PlyCount "123"]
[EventDate "2018.??.??"]

1. e4 e5 2. Nf3 Nc6 3. d4 exd4 4. Bc4 Bc5 5. Ng5 Bb4+ 6. c3 dxc3 7. bxc3 Ne5 8.
Qd5 Qf6 9. cxb4 Nxc4 10. Qxc4 h6 11. e5 Qxe5+ 12. Qe4 Qxe4+ 13. Nxe4 d5 14. Ng3
Ne7 15. Bb2 O-O 16. O-O Bd7 17. Nc3 c6 18. Rfe1 Nc8 19. Na4 b6 20. Nc3 Nd6 21.
Re7 Rad8 22. Rae1 Nc4 23. Nd1 Rfe8 24. Rxe8+ Rxe8 25. Rxe8+ Bxe8 26. Nf5 Bd7
27. Nfe3 Nxb2 28. Nxb2 f5 29. Kf1 Kf7 30. Ke2 Kf6 31. b5 Ke6 32. bxc6 Bxc6 33.
Nc2 Bb7 34. Ke3 Kf6 35. Kd4 f4 36. Nd3 g5 37. g3 fxg3 38. fxg3 Ke6 39. Ne3 a5
40. Nb2 Bc6 41. Nbd1 b5 42. Nc3 h5 43. Ncxd5 Bd7 44. Nc3 g4 45. Ne4 Bc6 46.
Nc5+ Kf6 47. Nd5+ Kg6 48. Ne4 Kh6 49. Kc5 Ba8 50. Nef6 Kg6 51. Kxb5 h4 52. Kxa5
hxg3 53. hxg3 Kf5 54. Kb5 Ke5 55. Kc5 Kf5 56. a4 Kg6 57. a5 Kf5 58. a6 Kg5 59.
Ne4+ Kf5 60. Nd6+ Ke5 61. Nc7 Bh1 62. Nb7 1-0

[Event "20ème Open international de La Réunion"]
[Site "Salle des fêtes de Bellepierre"]
[Date "2018.10.19"]
[Round "7.9"]
[White "Roblet, Charles"]
[Black "Frelicot, Eric"]
[Result "1-0"]
[WhiteElo "2052"]
[BlackElo "1666"]
[PlyCount "57"]
[EventDate "2018.??.??"]

1. e4 c5 2. d4 cxd4 3. c3 dxc3 4. Nxc3 Nc6 5. Nf3 e6 6. Bc4 Be7 7. O-O d6 8.
Qe2 Nf6 9. Rd1 O-O 10. e5 Nd5 11. Nxd5 exd5 12. Bxd5 Bg4 13. exd6 Bxd6 14. Bxc6
bxc6 15. Bf4 Re8 16. Qc4 Bxf3 17. gxf3 Qh4 18. Rxd6 g5 19. Rd4 gxf4 20. Rxf4
Qh5 21. Kh1 Qd5 22. Rg1+ Kf8 23. Qc3 Qe5 24. Qb4+ Qe7 25. Qc4 Qe6 26. Qc5+ Qe7
27. Qxc6 Qe6 28. Qc5+ Qe7 29. Qh5 1-0

[Event "20ème Open international de La Réunion"]
[Site "Salle des fêtes de Bellepierre"]
[Date "2018.10.19"]
[Round "7.10"]
[White "Mezouaghi, Miloud"]
[Black "Ova, Roberto"]
[Result "1-0"]
[WhiteElo "2022"]
[BlackElo "1212"]
[PlyCount "68"]
[EventDate "2018.??.??"]

1. d4 Nf6 2. c4 d6 3. Nf3 g6 4. Nc3 Bg7 5. g3 O-O 6. Bg2 c5 7. d5 Nbd7 8. Bd2
Rb8 9. O-O a6 10. a4 b6 11. e4 Bb7 12. h3 Qc7 13. Qc1 Rbe8 14. Bh6 e6 15. dxe6
fxe6 16. Bxg7 Kxg7 17. Nd2 d5 18. cxd5 exd5 19. exd5 Ba8 20. Nc4 Qb8 21. Qd2
Ne5 22. Nxe5 Qxe5 23. Rad1 Qd6 24. Qd3 Bb7 25. Qc4 Rd8 26. Rfe1 Rf7 27. Re6 Qc7
28. d6 Qd7 29. Re7 Rxe7 30. dxe7 Qxe7 31. Rxd8 Bxg2 32. Rd1 Qb7 33. Kh2 Bd5 34.
Qf4 Qf7 1-0

[Event "20ème Open international de La Réunion"]
[Site "Salle des fêtes de Bellepierre"]
[Date "2018.10.19"]
[Round "7.11"]
[White "Duprey, Francois-Xavier"]
[Black "Desire, Michael"]
[Result "1/2-1/2"]
[WhiteElo "1589"]
[BlackElo "1702"]
[PlyCount "103"]
[EventDate "2018.??.??"]

1. c4 Nf6 2. Nf3 e6 3. a3 c5 4. e3 Nc6 5. d4 cxd4 6. exd4 Be7 7. b4 d5 8. c5
Ne4 9. Nbd2 Bf6 10. Bb2 a5 11. b5 Ne7 12. a4 Nxc5 13. Qc2 Nd7 14. Bd3 g6 15.
O-O O-O 16. Nb3 b6 17. Rac1 Bb7 18. Qe2 Qb8 19. Rc2 Qf4 20. Bc1 Qd6 21. Bg5
Rac8 22. Rfc1 Rxc2 23. Rxc2 Rc8 24. Bxf6 Nxf6 25. Rxc8+ Nxc8 26. Qc2 Ne8 27. h4
Qc7 28. Qd2 Ng7 29. Qg5 Qe7 30. Qh6 f6 31. g4 Nd6 32. Qf4 Nge8 33. Nbd2 Kg7 34.
Nf1 Qc7 35. Qe3 Bc8 36. Ng3 Nc4 37. Qe2 Ned6 38. Ne1 e5 39. dxe5 fxe5 40. Bxc4
Nxc4 41. g5 Qd7 42. Qf3 Qf7 43. Qd3 Be6 44. Ng2 Bg4 45. f4 exf4 46. Qd4+ Kg8
47. Nxf4 Be6 48. Kh2 Kf8 49. Nge2 Ke7 50. Nc3 Kd6 51. Ne4+ Kc7 52. Nxe6+
1/2-1/2

[Event "20ème Open international de La Réunion"]
[Site "Salle des fêtes de Bellepierre"]
[Date "2018.10.19"]
[Round "7.12"]
[White "Le Maguet, Loan"]
[Black "Rabe Andrianandrasan, Haingo"]
[Result "1-0"]
[WhiteElo "1420"]
[BlackElo "1860"]
[PlyCount "99"]
[EventDate "2018.??.??"]

1. b4 d5 2. d4 Nf6 3. e3 Bf5 4. Nf3 e6 5. a3 Nbd7 6. Be2 Be7 7. Nbd2 O-O 8. O-O
c6 9. Bb2 h6 10. c4 a5 11. b5 cxb5 12. c5 Rc8 13. Bxb5 Ne4 14. Rc1 Bf6 15. Ba1
Nb8 16. Qb3 Qc7 17. Nb1 Nc6 18. Nc3 Rb8 19. Na4 Bg4 20. Rfd1 Bxf3 21. gxf3 Ng5
22. f4 Nh7 23. Nb6 g5 24. Kh1 gxf4 25. exf4 Kh8 26. Qe3 Ne7 27. Nd7 Nf5 28. Qd2
Bh4 29. Nxb8 Qxb8 30. Rg1 Nf6 31. Bd3 Ng7 32. Qe3 h5 33. h3 Qe8 34. f5 Ng8 35.
fxe6 fxe6 36. Qe5 Qf7 37. f4 Bf6 38. Qe2 h4 39. Rg4 Nh6 40. Rg6 Nhf5 41. Bxf5
Nxf5 42. Qh5+ Qh7 43. Qxh7+ Kxh7 44. Rg4 Ne3 45. Rgg1 Nc4 46. Rb1 Rf7 47. a4
Bg7 48. Bc3 Bh6 49. Rg4 Rxf4 50. Rxf4 1-0

[Event "20ème Open international de La Réunion"]
[Site "Salle des fêtes de Bellepierre"]
[Date "2018.10.19"]
[Round "7.13"]
[White "Hermanns, Luis"]
[Black "Rajaonson, Andriamahenina"]
[Result "0-1"]
[WhiteElo "1253"]
[BlackElo "1822"]
[PlyCount "54"]
[EventDate "2018.??.??"]

1. d4 d5 2. c4 e6 3. Nc3 c6 4. cxd5 exd5 5. Nf3 Nf6 6. Bg5 Be7 7. Bxf6 Bxf6 8.
e4 dxe4 9. Nxe4 O-O 10. Be2 Be7 11. O-O Bf5 12. Ng3 Be6 13. Qd3 g6 14. a3 Nd7
15. b4 Nb6 16. Ne5 Bf6 17. f4 Qc7 18. f5 Bd5 19. fxg6 fxg6 20. Ng4 Bg7 21. Qc3
Rae8 22. Rxf8+ Rxf8 23. Ne3 Qf4 24. Rd1 Qf2+ 25. Kh1 Re8 26. Nxd5 Nxd5 27. Rf1
Qxf1+ 0-1

[Event "20ème Open international de La Réunion"]
[Site "Salle des fêtes de Bellepierre"]
[Date "2018.10.19"]
[Round "7.14"]
[White "Ratsimikatry, Caryl Patrick"]
[Black "Padre, Maxime"]
[Result "1-0"]
[WhiteElo "1782"]
[BlackElo "1353"]
[PlyCount "89"]
[EventDate "2018.??.??"]

1. e4 c6 2. d4 d5 3. exd5 cxd5 4. c4 Nf6 5. Nc3 Nc6 6. Be3 e6 7. Nf3 Be7 8. h3
O-O 9. a3 dxc4 10. Bxc4 Bd7 11. O-O Rc8 12. Qe2 Na5 13. Ba2 a6 14. Rfd1 Bxa3
15. Ne5 Bb4 16. Nxd7 Qxd7 17. d5 e5 18. Bb6 Rfe8 19. Ne4 Nxe4 20. Qxe4 Qd6 21.
Be3 b5 22. Rac1 Nb7 23. Qg4 Bc5 24. b4 Red8 25. bxc5 Nxc5 26. Bg5 Rd7 27. Rd2
Rdc7 28. Rdc2 h6 29. Be3 Nd3 30. Rxc7 Rxc7 31. Rxc7 Qxc7 32. Bxh6 g6 33. Qf3
Nf4 34. g3 Nh5 35. d6 Qd7 36. g4 Kh7 37. Bf8 Nf4 38. Qe3 Qc6 39. f3 Nxh3+ 40.
Kh2 Nf4 41. Qxe5 Qc2+ 42. Kg3 Qg2+ 43. Kxf4 Qd2+ 44. Kg3 Qxa2 45. Qg7# 1-0

[Event "20ème Open international de La Réunion"]
[Site "Salle des fêtes de Bellepierre"]
[Date "2018.10.19"]
[Round "7.15"]
[White "Bah, Ismael"]
[Black "Fautrel, Pierrick"]
[Result "1/2-1/2"]
[WhiteElo "1687"]
[BlackElo "1176"]
[PlyCount "104"]
[EventDate "2018.??.??"]

1. c4 e5 2. d3 Nf6 3. Nc3 Bc5 4. e3 Nc6 5. Nf3 d6 6. Be2 Bd7 7. Na4 Bb6 8. Nxb6
axb6 9. O-O O-O 10. a3 h6 11. b3 Re8 12. Bb2 Qe7 13. Nd2 Na7 14. Bf3 Bc6 15. e4
Bd7 16. Be2 c5 17. f4 b5 18. fxe5 dxe5 19. Qe1 bxc4 20. bxc4 Nc6 21. Qh4 Ng4
22. Qxe7 Rxe7 23. Nb3 b6 24. Rf3 Nf6 25. h3 Nh5 26. Bc1 Nf6 27. Kh2 Kh7 28. g3
Ne8 29. Bb2 f6 30. Rb1 g5 31. Rf2 Kg6 32. Rg1 Ng7 33. Rgf1 Rf7 34. Bf3 Ne6 35.
Bg4 h5 36. Bf5+ Kg7 37. Bc1 Ra7 38. Rd2 Ned4 39. Nxd4 Nxd4 40. Bb2 Bxf5 41.
exf5 Rfd7 42. g4 h4 43. Bxd4 Rxd4 44. Rb1 Ra6 45. Rbb2 Kf7 46. a4 Ke7 47. a5
bxa5 48. Rb7+ Rd7 49. Rxd7+ Kxd7 50. Kg2 a4 51. Kf2 a3 52. Ra2 Kc6 1/2-1/2

[Event "20ème Open international de La Réunion"]
[Site "Salle des fêtes de Bellepierre"]
[Date "2018.10.19"]
[Round "7.16"]
[White "Fondrat, Johan"]
[Black "Rajaobelina, Hery"]
[Result "0-1"]
[WhiteElo "1499"]
[BlackElo "1646"]
[PlyCount "70"]
[EventDate "2018.??.??"]

1. e4 c5 2. c3 Nf6 3. d3 d6 4. Nf3 e6 5. Be2 Be7 6. O-O O-O 7. h3 a6 8. a4 b6
9. Be3 Bb7 10. Nbd2 Qc7 11. Qb3 Nc6 12. Rfc1 d5 13. exd5 Nxd5 14. Nc4 Nxe3 15.
Nxe3 Na5 16. Qd1 Bf6 17. b4 cxb4 18. cxb4 Nc6 19. Rab1 b5 20. a5 Qd6 21. Qd2
Be7 22. Nc2 Rad8 23. Qe3 Rd7 24. d4 Rfd8 25. Rd1 Qc7 26. Qc3 Nxd4 27. Qxc7
Nxe2+ 28. Kf1 Rxc7 29. Rxd8+ Bxd8 30. Rd1 Bf6 31. Ne3 Nc3 32. Rc1 Nd5 33. Rd1
Nxe3+ 34. fxe3 Kf8 35. Nd4 Ke8 0-1

[Event "20ème Open international de La Réunion"]
[Site "Salle des fêtes de Bellepierre"]
[Date "2018.10.19"]
[Round "7.17"]
[White "Leost, Joel"]
[Black "Etheve, Lionel"]
[Result "0-1"]
[WhiteElo "1350"]
[BlackElo "1682"]
[PlyCount "64"]
[EventDate "2018.??.??"]

1. e4 e6 2. d4 d5 3. exd5 exd5 4. Bd3 Bd6 5. Nf3 Ne7 6. Bg5 f6 7. Bh4 Bf5 8.
Bg3 O-O 9. O-O c6 10. Nc3 Bg4 11. Be2 Nf5 12. Qd3 Nxg3 13. fxg3 Qd7 14. Rae1
Na6 15. a3 Rae8 16. b4 Nc7 17. Nb1 Kh8 18. Nc3 b5 19. Nd1 Na8 20. c3 Bf5 21.
Qd2 Nb6 22. Nb2 Be4 23. Kf2 Ra8 24. Ra1 a5 25. Rfc1 axb4 26. axb4 Qe7 27. Qd1
f5 28. Qd2 f4 29. g4 Nd7 30. Nd3 Nf6 31. h3 Bg6 32. Rxa8 Ne4+ 0-1

[Event "20ème Open international de La Réunion"]
[Site "Salle des fêtes de Bellepierre"]
[Date "2018.10.19"]
[Round "7.18"]
[White "Eric Andriana, Fitia"]
[Black "Pun Chung, Leo"]
[Result "0-1"]
[WhiteElo "1186"]
[BlackElo "1458"]
[PlyCount "68"]
[EventDate "2018.??.??"]

1. e4 c5 2. Nc3 Nc6 3. g3 g6 4. Bg2 Bg7 5. d3 d6 6. Nge2 e6 7. O-O Nge7 8. Be3
O-O 9. Qd2 Re8 10. Rad1 a6 11. d4 cxd4 12. Nxd4 d5 13. Nxc6 bxc6 14. f4 Qa5 15.
Bd4 Bh6 16. Be5 Bb7 17. a3 Rad8 18. Qf2 Rd7 19. g4 f5 20. Qh4 Bg7 21. Bxg7 Kxg7
22. g5 Qb6+ 23. Kh1 Qxb2 24. Rd3 Ng8 25. Rh3 Kf8 26. Rd1 Rdd8 27. Qxh7 dxe4 28.
Bf1 c5 29. Rd7 Rxd7 30. Qxd7 e3+ 31. Kg1 Qxc3 32. Qxb7 Qd4 33. Kg2 Qd2+ 34. Kh1
e2 0-1

[Event "20ème Open international de La Réunion"]
[Site "Salle des fêtes de Bellepierre"]
[Date "2018.10.19"]
[Round "7.19"]
[White "Fautrel, Sebastien"]
[Black "Laoussing, Mathis"]
[Result "0-1"]
[WhiteElo "1110"]
[BlackElo "1421"]
[PlyCount "52"]
[EventDate "2018.??.??"]

1. c4 e5 2. g3 c6 3. Bg2 d5 4. cxd5 cxd5 5. Nc3 Nf6 6. e4 d4 7. Nd5 Nxd5 8.
exd5 Bf5 9. a3 Nd7 10. b4 Nf6 11. d6 Qb6 12. Bh3 Bxh3 13. Nxh3 Bxd6 14. O-O O-O
15. d3 h6 16. f3 Nd5 17. Nf2 Nc3 18. Qb3 Rac8 19. Bb2 Qc6 20. Ne4 Nxe4 21. fxe4
Qc2 22. Qa2 Qxd3 23. Qd5 Rc2 24. Rab1 Qd2 25. Qxf7+ Rxf7 26. Rxf7 Qg2# 0-1

[Event "20ème Open international de La Réunion"]
[Site "Salle des fêtes de Bellepierre"]
[Date "2018.10.19"]
[Round "7.20"]
[White "Alfonsi, Romain"]
[Black "Assie, Joel"]
[Result "1-0"]
[WhiteElo "1173"]
[BlackElo "1381"]
[PlyCount "61"]
[EventDate "2018.??.??"]

1. e4 c6 2. d4 d5 3. Nc3 dxe4 4. Nxe4 Nd7 5. Nf3 Ngf6 6. Nxf6+ Nxf6 7. Bg5 Bg4
8. Bxf6 gxf6 9. h3 Bh5 10. Be2 Qa5+ 11. c3 e6 12. O-O Bh6 13. Nd2 Bg6 14. Nc4
Qc7 15. Bd3 Rg8 16. Re1 Kf8 17. Bxg6 Rxg6 18. Ne3 f5 19. Qd3 Qf4 20. g3 Ke7 21.
Ng2 Qd6 22. Ne3 Rag8 23. Nxf5+ Kd7 24. Nxd6 Bf4 25. Ne4 R8g7 26. Qf3 Bc7 27.
Kh2 Bd8 28. Rad1 h6 29. c4 f5 30. Nc5+ Kc7 31. Rxe6 1-0

[Event "20ème Open international de La Réunion"]
[Site "Salle des fêtes de Bellepierre"]
[Date "2018.10.19"]
[Round "7.21"]
[White "Muller, Sebastien"]
[Black "Mohamed, Keziah"]
[Result "1-0"]
[WhiteElo "1397"]
[BlackElo "1070"]
[PlyCount "61"]
[EventDate "2018.??.??"]

1. e4 e5 2. Nf3 Nc6 3. Bc4 Nf6 4. d3 h6 5. c3 d5 6. exd5 Nxd5 7. O-O Be7 8. Bb5
Bd6 9. Re1 Qf6 10. d4 O-O 11. Bxc6 bxc6 12. dxe5 Bxe5 13. Nxe5 Re8 14. Nf3 Bg4
15. Be3 Rad8 16. Bd4 Rxe1+ 17. Qxe1 Qe7 18. Nbd2 c5 19. Qxe7 Nxe7 20. Bxc5 Nc6
21. b4 f6 22. h3 Bxf3 23. Nxf3 a6 24. Nd4 Ne5 25. f4 Nd3 26. Ne6 Rc8 27. f5 Kf7
28. Rd1 Ne5 29. Be3 g6 30. Bxh6 gxf5 31. Rd8 1-0

[Event "20ème Open international de La Réunion"]
[Site "Salle des fêtes de Bellepierre"]
[Date "2018.10.19"]
[Round "7.22"]
[White "Bosi-Lagarde, Arthur"]
[Black "Vaast, Jean"]
[Result "0-1"]
[WhiteElo "1110"]
[BlackElo "1377"]
[PlyCount "80"]
[EventDate "2018.??.??"]

1. e4 e6 2. Nc3 Nc6 3. Nf3 d5 4. exd5 exd5 5. d4 Bg4 6. Be3 Nf6 7. Bd3 Nb4 8.
Be2 Be7 9. O-O O-O 10. h3 Bf5 11. Bd3 Nxd3 12. cxd3 Re8 13. Ne5 c6 14. Qf3 Be6
15. Bg5 Qb6 16. Bxf6 Bxf6 17. Ng4 Bxd4 18. Rab1 Qc7 19. Ne2 Bb6 20. d4 Qe7 21.
Rfe1 Qb4 22. Red1 Bxg4 23. Qxg4 Re4 24. Qf3 Bxd4 25. Nxd4 Rxd4 26. Rxd4 Qxd4
27. b3 Re8 28. Qg4 Qxg4 29. hxg4 f6 30. f3 Kf7 31. Kf2 g5 32. Rc1 Kg6 33. Re1
Re5 34. Rd1 c5 35. Rc1 d4 36. Rd1 b6 37. Kg3 Re2 38. a3 f5 39. Rg1 fxg4 40.
fxg4 Re3+ 0-1

[Event "20ème Open international de La Réunion"]
[Site "Salle des fêtes de Bellepierre"]
[Date "2018.10.19"]
[Round "7.23"]
[White "Cavillot-Delestage, Raphael"]
[Black "Hoareau-Fontaine, Clement"]
[Result "1-0"]
[WhiteElo "1009"]
[BlackElo "1130"]
[PlyCount "43"]
[EventDate "2018.??.??"]

1. e4 c5 2. Nf3 Nc6 3. d3 g6 4. Bf4 Bg7 5. Nc3 d6 6. Be2 e6 7. O-O Nge7 8. Rb1
O-O 9. Re1 b6 10. Bf1 Bb7 11. e5 d5 12. b3 h6 13. h3 g5 14. Bg3 Nf5 15. Bh2 Nh4
16. Nxh4 gxh4 17. Nb5 Qb8 18. Qg4 Nb4 19. Rb2 a6 20. Nd6 Nc6 21. Bf4 Bc8 22.
Bxh6 1-0

[Event "20ème Open international de La Réunion"]
[Site "Salle des fêtes de Bellepierre"]
[Date "2018.10.19"]
[Round "7.24"]
[White "Alex-Geerjanan, Nils"]
[Black "Mablouke, Ulrich"]
[Result "0-1"]
[WhiteElo "1015"]
[BlackElo "1460"]
[PlyCount "37"]
[EventDate "2018.??.??"]

1. e4 e5 2. Nf3 Nc6 3. Bc4 d6 4. h3 g5 5. d3 g4 6. Ng5 Nh6 7. hxg4 Bxg4 8. f3 (
{Crafty 19.17:} 8. Bxf7+ Kd7 9. Be6+ Bxe6 10. Nxe6 Qf6 11. Ng5 Be7 12. Qh5 Nb4
13. Qh3+ Kc6 14. Na3 Rag8 15. Nxh7 Rxh7 16. Bxh6 {[%eval 143,12]}) 8... Be7 9.
Qd2 Rg8 10. Nxf7 Bh4+ 11. Kf1 Nxf7 12. Bxf7+ Kxf7 13. fxg4 Qf6+ 14. Kg1 Rxg4
15. Qe2 Rxg2+ 16. Qxg2 Rg8 17. Bg5 ({Crafty 19.17:} 17. Qxg8+ Kxg8 18. Rh2 Nd4
19. Rg2+ Kh8 20. Be3 Nf3+ 21. Kh1 Be1 22. Rf2 Qh4+ 23. Kg2 Bxf2 24. Bxf2 Qg4+
25. Bg3 {[%eval -373,11]}) 17... Rxg5 18. Kh2 Rxg2+ 19. Kxg2 0-1

[Event "20ème Open international de La Réunion"]
[Site "Salle des fêtes de Bellepierre"]
[Date "2018.10.19"]
[Round "7.25"]
[White "Parame, Bruno"]
[Black "Erudel, Irina"]
[Result "1-0"]
[WhiteElo "1399"]
[BlackElo "1009"]
[PlyCount "97"]
[EventDate "2018.??.??"]

1. e4 e5 2. Nf3 Nf6 3. Nc3 Bc5 4. Bc4 Ng4 5. O-O O-O 6. b3 Nf6 7. Bb2 d6 8. d3
Bg4 9. h3 Bh5 10. Nd5 Nc6 11. c3 b6 12. b4 Bxb4 13. cxb4 Nxb4 14. Nxb4 c5 15.
Nd5 a6 16. a4 a5 17. Rb1 Ra7 18. Bc3 Bg6 19. Qd2 Nh5 20. Nxb6 Rb7 21. Bxa5 Ra7
22. Bc3 Re8 23. a5 h6 24. Nd5 Ra8 25. a6 Nf6 26. Ra1 Rf8 27. Rfb1 Bh5 28. Nh4
Kh7 29. Nb6 Ra7 30. Nf5 Bg6 31. Nd5 Rh8 32. Rb6 Nd7 33. Nxd6 Ra8 34. Rb7 Nf6
35. Nb5 Rc8 36. Bxe5 Rc6 37. a7 Re6 38. Bb2 Re5 39. Bxe5 Re8 40. Bc3 Re6 41.
Nf4 Bh5 42. a8=Q Qxa8 43. Rxa8 Bg6 44. Nxe6 fxe6 45. Qf4 Nh5 46. Qf8 Bf5 47.
exf5 exf5 48. Rb6 Nf4 49. Qh8# 1-0

[Event "20ème Open international de La Réunion"]
[Site "Salle des fêtes de Bellepierre"]
[Date "2018.10.19"]
[Round "7.26"]
[White "Erudel, Maeva"]
[Black "Sandjivy, Jean Marc"]
[Result "0-1"]
[WhiteElo "1009"]
[BlackElo "1271"]
[PlyCount "36"]
[EventDate "2018.??.??"]

1. e4 c5 2. Nf3 Nc6 3. Nc3 e5 4. Bc4 Nf6 5. d3 Be7 6. Be3 b6 7. Nd5 Nxd5 8.
Bxd5 Nd4 9. O-O Rb8 10. Nxe5 O-O 11. c3 Ne6 12. Bd2 Bg5 13. Bxg5 Qxg5 14. c4
Qxe5 15. Bxe6 dxe6 16. Re1 Bb7 17. Rb1 Qg5 18. e5 Qxg2# 0-1